Economies in Transition : An Oed Evaluation of World Bank Assistance (Russian Edition)

שמור ב:
מידע ביבליוגרפי
מחבר תאגידי: The World Bank
פורמט: ספר
שפה:Undetermined
יצא לאור: Washington, D.C The World Bank 2004
נושאים:
תגים: הוספת תג
אין תגיות, היה/י הראשונ/ה לתייג את הרשומה!
Thư viện lưu trữ: Trung tâm Học liệu Trường Đại học Cần Thơ
LEADER 00624nam a2200205Ia 4500
001 CTU_98023
008 210402s9999 xx 000 0 und d
082 |a 332.1532 
082 |b W927 
110 |a The World Bank 
245 0 |a Economies in Transition : 
245 3 |b An Oed Evaluation of World Bank Assistance (Russian Edition) 
245 4 |c The World Bank 
260 |a Washington, D.C 
260 |b The World Bank 
260 |c 2004 
650 |a The world bank,Economic assistance 
650 |x Economic assistance,Developing countries 
904 |i Minh 
980 |a Trung tâm Học liệu Trường Đại học Cần Thơ